000 00420nam a2200181Ia 4500
001 24190
005 20260414151027.0
008 260414t2001||||xx |||||||||||||| ||spa||
041 _aESP
082 _a792.0226
_bM86
100 _aMoreno Moreno, Heladio
_eAUT
245 0 _aTeatro infantil
_b
260 _c2001
300 _a122 páginas :
_c23 cm.
650 _aABD
654 _aCAU
942 _cLIB
_dJUS
_fJUS
_2ddc
_n
999 _c24190
_d24190